Creación de una interface gráfica humano-máquina para el control, monitoreo y supervisión del brazo robot Staubli Rx90 vía Internet

Uloženo v:
Podrobná bibliografie
Hlavní autor: Zeledón Chaves, Esteban
Další autoři: Zeledón Méndez, Peter Bernal
Médium: Kniha
Vydáno: [San José, Costa Rica] 2004
Témata:
Tagy: Přidat tag
Žádné tagy, Buďte první, kdo vytvoří štítek k tomuto záznamu!

MARC

LEADER 00000nam a2200000Ia 4500
003 009437
005 20221231144134.0
008 140114s2004 cr a m 000 ||s d
040 |c cru CEDI 
090 |a TFG 4980 
100 |a Zeledón Chaves, Esteban  |9 4122 
245 |a Creación de una interface gráfica humano-máquina para el control, monitoreo y supervisión del brazo robot Staubli Rx90 vía Internet  
260 |c 2004  |a [San José, Costa Rica] 
300 |a  xii, 80, [108] hojas : ilustraciones a color  
500 |a Proyecto de graduación (licenciatura en ingeniería eléctrica)--Universidad de Costa Rica. Facultad de ingeniería. Escuela de Ingeniería Eléctrica 
650 |x SISTEMAS HOMBRE - MAQUINA   |x ROBOTICA   |x SISTEMAS DE CONTROL DE AUTOMATAS   |x CIRCUITOS DE INTER  |9 6237 
700 |9 6236  |a Zeledón Méndez, Peter Bernal 
942 |c TFG 
999 |c 17443  |d 17443